| 000 | 00474nam a2200169Ia 4500 | ||
|---|---|---|---|
| 003 | GCL | ||
| 008 | 140319s9999 xx 000 0 ara d | ||
| 040 |
_aGCL / _cGCL |
||
| 082 | 0 | 4 |
_a310 _bع ن |
| 100 | 1 | _aعبدالمجيد فراج | |
| 245 | 1 | 0 |
_aنماذج فى الحسابات الاحصائية / _cعبدالمجيد فراج |
| 300 | _a173 | ||
| 490 |
_a100 قصة _v0 |
||
| 650 | 0 | 4 | _aالاحصاء |
| 650 | 0 | 4 | _aالطرق الاحصائية |
| 942 |
_2ddc _cBK |
||
| 999 |
_c43784 _d43784 |
||